Estadísticas para Quien es el personaje #1

Haz click aquí para intentar la prueba.

Estadísticas generales

  • Esta prueba ha sido intentada 6 veces
  • La puntuación promedio es 12 de 16

Estadísticas de respuestas

Respuesta% Correcto
Arya Stark
100%
Benjen Stark
100%
Bran Stark
100%
Eddard Stark
100%
Hodor
100%
Rickon Stark
100%
Robb Stark
100%
Sansa Stark
100%
Catelyn Stark
83%
Jon Snow
83%
Lyanna Mormont
67%
Lyanna Stark
67%
Osha
33%
Maestre Luwin
17%
Rodrik Cassel
0%
Talisa Maegyr
0%

Distribución de puntuación

Porcentaje por número respondido

Porcentaje de gente con cada puntuación

Historial de tus puntuaciones

No has intentado esta prueba.